Dzielnice po francusku, mieszkańcy - Statystyki

Ogólne statystyki
  • Ten quiz został rozwiązany 26 razy
    5 od ostatniego zresetowania
  • Średni wynik to 10 z 24
Statystyki odpowiedzi
Hint Odpowiedź % Poprawnych
cicha calme
100%
hałaśliwy bruyant
67%
sąsiedzi les voisins
67%
zieleń/czysty vert/propre
67%
tętniąca życiem vivant/anime
67%
dobrze podane bien desservi
33%
handlowiec commercant
33%
dzielnica biznesowa le quartier des affaires
33%
mieszczanie les citadins
33%
handlarze les commercants
33%
podróż les deplacements
33%
korki les emboutelliages
33%
mieszkańcy les habitants
33%
okolica les quartier
33%
transport publiczny les transports en commun
33%
rodzaje dzielnic les types de quartiers
33%
zła obsługa mal desservi
33%
deptak handlowy pieton
33%
zanieczyszczenia/brudny sale pollue/sale
33%
cichy silencieux
33%
ekodzielnica un ecoquartier
33%
dobrze połozona dzielnica un quartier bien situe
33%
zle polozona dzielnica un quartier mal situe
33%
popularna dzielnica un quartier residentiel populaire
33%
Nie znaleziono quizów pasujących do podanych kryteriów
Rozkład punktacji
Procent ludzi z każdym wynikiem
Percentyl według liczby udzielonych odpowiedzi
Twoja historia wyników
Nie rozwiązałeś tego quizu od ostatniego zresetowania